Normal view
MARC view
- Reproducción del sonido
Entry Materia
001 - NÚMERO DE CONTROL DEL REGISTRO
- campo de control: 46989
003 - IDENTIFICADOR DE NUMERO DE CONTROL
- campo de control: UPN
005 - FECHA Y HORA DE LA ÚLTIMA TRANSACCIÓN
- campo de control: 20231013191004.0
008 - DATOS DE LONGITUD FIJA
- campo de control de longitud fija: 221006|| aca||babn | a|a d
040 ## - FUENTE DE LA CATALOGACIÓN
- Centro catalogador de origen: MX-MxUPN
- Lengua de catalogación: spa
- Agencia de transcripción: MX-MxUPN
046 ## - FECHAS CON CODIFICACIÓN ESPECIAL
- Fecha final para contenidos agregados: 221006
150 ## - ENCABEZAMIENTO - TEMÁTICO
- Término de materia o nombre geográfico como elemento inicial: Reproducción del sonido
450 ## - VÉASE - MATERIA
- Encabezamiento temático: Grabación del sonido
670 ## - FUENTE EN LA QUE SE LOCALIZARON DATOS
- Cita de la fuente: DGB/UNAM, 06 Octubre 2022:
- Información localizada: catálogo electrónico (Reproducción del sonido)
902 ## - CATALOGADOR
- Catalogador: NDAF/061022
